[Event "EU-ch Online U14"]
[Site "Tornelo INT"]
[Date "2020.09.20"]
[Round "8"]
[White "Saidmurodov, Shahjahon"]
[Black "Trost, Edvin"]
[Result "1-0"]
[WhiteElo "1680"]
[BlackElo "1947"]
[PlyCount "97"]
[EventDate "2020.09.18"]
[EventType "swiss (rapid)"]
[EventRounds "9"]
[EventCountry "ENG"]
[SourceTitle "EXT 2023"]
[Source "ChessBase"]
[SourceDate "2022.10.05"]
[SourceVersion "1"]
[SourceVersionDate "2022.10.05"]
[SourceQuality "1"]
[WhiteTeam "England"]
[BlackTeam "Sweden"]
[WhiteTeamCountry "ENG"]
[BlackTeamCountry "SWE"]

1. e4 c6 2. Nc3 d5 3. Nf3 Bg4 4. h3 Bxf3 5. Qxf3 e6 6. d4 dxe4 7. Qxe4 Nf6 8. Qh4 Nbd7 9. Bd3 Be7 10. Qg3 0-0 11. Bd2 c5 12. Be3 cxd4 13. Bxd4 Nc5 14. 0-0-0 Nxd3+ 15. Rxd3 Qa5 16. Kb1 Nh5 17. Qf3 Bf6 18. Ne4 Bxd4 19. Rxd4 Qe5 20. Rhd1 Nf4 21. Qg3 Ng6 22. Qxe5 Nxe5 23. f4 Nc6 24. Rd7 Rad8 25. Kc1 b6 26. a3 h6 27. b4 e5 28. fxe5 Rde8 29. b5 Nxe5 30. Rxa7 Nc4 31. Nd6 Nxd6 32. Rxd6 Re2 33. Rd2 Re5 34. a4 Rc8 35. Rad7 Re4 36. Rd8+ Rxd8 37. Rxd8+ Kh7 38. Rd6 Re2 39. Rxb6 Rxg2 40. a5 f5 41. a6 f4 42. a7 Rg1+ 43. Kb2 f3 44. a8Q f2 45. Qe4+ Kg8 46. Rb8+ Kf7 47. Qf5+ Ke7 48. Rb7+ Kd6 49. Rd7# 1-0

[Event "EU-ch Online U14"]
[Site "Tornelo INT"]
[Date "2020.09.19"]
[Round "5"]
[White "Saidmurodov, Shahjahon"]
[Black "Verboven, Wout"]
[Result "1-0"]
[WhiteElo "1680"]
[BlackElo "1584"]
[PlyCount "42"]
[EventDate "2020.09.18"]
[EventType "swiss (rapid)"]
[EventRounds "9"]
[EventCountry "ENG"]
[SourceTitle "EXT 2023"]
[Source "ChessBase"]
[SourceDate "2022.10.05"]
[SourceVersion "1"]
[SourceVersionDate "2022.10.05"]
[SourceQuality "1"]
[WhiteTeam "England"]
[BlackTeam "Belgien"]
[WhiteTeamCountry "ENG"]
[BlackTeamCountry "BEL"]

1. e4 c5 2. Nc3 a6 3. a4 b6 4. d3 Bb7 5. f4 e6 6. Nf3 Nc6 7. g3 d5 8. e5 Nh6 9. Bg2 Be7 10. 0-0 Nf5 11. g4 Nfd4 12. Ne2 Nxe2+ 13. Qxe2 Qc7 14. f5 0-0-0 15. Bf4 h5 16. h3 hxg4 17. hxg4 g5 18. Nxg5 Nd4 19. Qd2 Bxg5 20. Bxg5 Rdg8 21. Bf6 Rh7 1-0

[Event "EU-ch Online U14"]
[Site "Tornelo INT"]
[Date "2020.09.18"]
[Round "1"]
[White "Saidmurodov, Shahjahon"]
[Black "Palchuk, Andrii"]
[Result "0-1"]
[WhiteElo "1680"]
[BlackElo "2084"]
[PlyCount "58"]
[EventDate "2020.09.18"]
[EventType "swiss (rapid)"]
[EventRounds "9"]
[EventCountry "ENG"]
[SourceTitle "EXT 2023"]
[Source "ChessBase"]
[SourceDate "2022.10.05"]
[SourceVersion "1"]
[SourceVersionDate "2022.10.05"]
[SourceQuality "1"]
[WhiteTeam "England"]
[BlackTeam "Ukraine"]
[WhiteTeamCountry "ENG"]
[BlackTeamCountry "UKR"]

1. Nf3 Nf6 2. d4 e6 3. Bf4 d5 4. e3 Bd6 5. Ne5 a6 6. Nd2 c5 7. c3 Qc7 8. Bd3 Nc6 9. Ndf3 h6 10. h4 Nd7 11. Nxc6 bxc6 12. Bxd6 Qxd6 13. e4 cxd4 14. cxd4 Rb8 15. b3 dxe4 16. Bxe4 0-0 17. 0-0 Bb7 18. Rc1 Rfd8 19. Qd2 Nf6 20. Bb1 c5 21. Rxc5 Bxf3 22. gxf3 Qxc5 23. dxc5 Rxd2 24. c6 Rc8 25. Rc1 Rd6 26. c7 Rd7 27. Kg2 Rdxc7 28. Rd1 Rd7 29. Re1 Kf8 0-1

[Event "BCF-chT4S 1920 (4NCL)"]
[Site "England"]
[Date "2020.01.12"]
[Round "4.111"]
[White "Saidmurodov, Shahjahon"]
[Black "Ogunshola, Ben"]
[Result "0-1"]
[WhiteElo "1891"]
[BlackElo "2163"]
[PlyCount "80"]
[EventDate "2019.11.09"]
[EventType "team-swiss"]
[EventRounds "11"]
[EventCountry "ENG"]
[SourceTitle "EXT 2022"]
[Source "ChessBase"]
[SourceDate "2021.10.06"]
[SourceVersion "1"]
[SourceVersionDate "2021.10.06"]
[SourceQuality "1"]
[WhiteTeam "CSC III"]
[BlackTeam "The Pitstop"]
[WhiteTeamCountry "ENG"]
[BlackTeamCountry "ENG"]

1. e4 c5 2. Nf3 d6 3. d4 cxd4 4. Nxd4 Nf6 5. Nc3 a6 6. f3 e5 7. Nb3 Be6 8. Be3 Be7 9. Qd2 Qc7 10. Nd5 Nxd5 11. exd5 Bf5 12. c4 Nd7 13. Be2 b6 14. 0-0 0-0 15. f4 exf4 16. Rxf4 Bg6 17. h4 h6 18. h5 Bh7 19. Bd4 Bg5 20. Rg4 f6 21. Be3 Ne5 22. Bxg5 fxg5 23. Nd4 Bf5 24. Rg3 Rf6 25. Rc1 Raf8 26. b4 Qf7 27. Nxf5 Rxf5 28. c5 bxc5 29. bxc5 dxc5 30. Rxc5 g4 31. d6 Kh8 32. Rc7 Qxh5 33. Qe3 Qh4 34. d7 Rh5 35. Rh3 Qe1+ 36. Kh2 Nf3+ 37. Qxf3 gxf3 38. Rxh5 Qxe2 39. Kh3 Qxg2+ 40. Kh4 Rf4# 0-1

[Event "London Chess Classic: Blitz A"]
[Site "London"]
[Date "2019.12.08"]
[Round "10"]
[White "Saidmurodov, Shahjahon"]
[Black "Patel, Zain"]
[Result "1-0"]
[WhiteElo "1729"]
[BlackElo "1326"]
[PlyCount "65"]
[EventDate "2019.12.08"]
[EventType "swiss (blitz)"]
[EventRounds "11"]
[EventCountry "ENG"]
[SourceTitle "EXT 2021"]
[Source "ChessBase"]
[SourceDate "2020.10.23"]
[SourceVersion "1"]
[SourceVersionDate "2020.10.23"]
[SourceQuality "1"]

1. e4 c5 2. Nf3 d6 3. d4 cxd4 4. Nxd4 Nf6 5. Nc3 a6 6. Bc4 e6 7. Bg5 b5 8. Bb3 b4 9. Nce2 Nbd7 10. Ng3 Be7 11. Bxe6 fxe6 12. Nxe6 Qa5 13. Nxg7+ Kf7 14. N7f5 b3+ 15. c3 Bb7 16. Qxb3+ Kf8 17. Nxe7 Kxe7 18. Nf5+ Kd8 19. Bxf6+ Nxf6 20. Qxb7 Qc5 21. Qe7+ Kc8 22. Nxd6+ Qxd6 23. Qxd6 Nxe4 24. Qc6+ Kb8 25. Qxe4 Ka7 26. 0-0-0 Rad8 27. Qe7+ Kb6 28. Rxd8 Rxd8 29. Qxd8+ Ka7 30. Re1 a5 31. Qd6 Kb7 32. Re7+ Kc8 33. Qc7# 1-0

[Event "London Classic op 11th"]
[Site "London"]
[Date "2019.11.30"]
[Round "3"]
[White "Saidmurodov, Shahjahon"]
[Black "Goh, Zi Han"]
[Result "0-1"]
[WhiteElo "1782"]
[BlackElo "2134"]
[PlyCount "80"]
[EventDate "2019.11.29"]
[EventType "swiss"]
[EventRounds "9"]
[EventCountry "ENG"]
[SourceTitle "CBM 193 Extra"]
[Source "ChessBase"]
[SourceDate "2020.01.31"]
[SourceVersion "1"]
[SourceVersionDate "2020.01.31"]
[SourceQuality "1"]

1. d4 Nf6 2. Bf4 g6 3. e3 Bg7 4. Bd3 0-0 5. h4 d6 6. h5 Nxh5 7. Rxh5 gxh5 8. Qxh5 f5 9. Nf3 Qe8 10. Qh2 Nd7 11. Nc3 Nf6 12. 0-0-0 Qh5 13. Nh4 Ng4 14. Bc4+ Kh8 15. Be2 Nxh2 16. Bxh5 Ng4 17. Bxg4 fxg4 18. Rh1 Kg8 19. Nd5 Rf7 20. Bg3 e6 21. Nc3 Bd7 22. f3 gxf3 23. Nxf3 Rf6 24. Rg1 Raf8 25. Kd2 Rg6 26. Bh2 Rg4 27. Ke2 Bc6 28. Nd1 Rxg2+ 29. Rxg2 Bxf3+ 30. Kf1 Bxd1+ 31. Ke1 Bf3 32. Rg5 Rf5 33. Rg3 Kf7 34. Kd2 Be4 35. Bg1 h5 36. c4 d5 37. c5 h4 38. Rh3 Bf6 39. b4 Bg2 40. Rh2 h3 0-1

[Event "BCF-chT3Sa 1819 (4NCL)"]
[Site "England"]
[Date "2019.02.09"]
[Round "5.42"]
[White "Starley, Robert"]
[Black "Saidmurodov, Shahjahon"]
[Result "1/2-1/2"]
[WhiteElo "2062"]
[BlackElo "1728"]
[PlyCount "115"]
[EventDate "2018.11.17"]
[EventType "team-tourn"]
[EventRounds "7"]
[EventCountry "ENG"]
[SourceTitle "EXT 2021"]
[Source "ChessBase"]
[SourceDate "2020.10.23"]
[SourceVersion "1"]
[SourceVersionDate "2020.10.23"]
[SourceQuality "1"]
[WhiteTeam "Cambridge University II"]
[BlackTeam "CSC II"]
[WhiteTeamCountry "ENG"]
[BlackTeamCountry "ENG"]

1. e4 e5 2. Nf3 Nc6 3. Bb5 Nf6 4. 0-0 Nxe4 5. d4 Nd6 6. Bxc6 dxc6 7. dxe5 Nf5 8. Qxd8+ Kxd8 9. Bg5+ Ke8 10. Nc3 h6 11. Bd2 g5 12. Ne4 Be7 13. h3 c5 14. Bc3 Rg8 15. Rad1 g4 16. hxg4 Rxg4 17. Rfe1 Be6 18. b3 Rd8 19. Rxd8+ Kxd8 20. Nh2 Rg6 21. Rd1+ Kc8 22. Rd2 h5 23. Nf1 h4 24. f3 h3 25. g4 Nh4 26. Nh2 Nxf3+ 27. Nxf3 Rxg4+ 28. Kh2 Rxe4 29. Rf2 c4 30. Nd2 Re3 31. Bd4 Re1 32. Nxc4 Bd5 33. Kxh3 Rg1 34. Ne3 Rh1+ 35. Rh2 Rxh2+ 36. Kxh2 Be4 37. c4 Bg5 38. Nd5 c6 39. Nc3 Bf4+ 40. Kh3 Bf3 41. Na4 b6 42. Nb2 c5 43. Nd3 cxd4 44. Nxf4 Be4 45. Kg3 Bb1 46. Kf3 Bxa2 47. Ke4 Bxb3 48. Kxd4 Kd7 49. Kc3 Bd1 50. c5 bxc5 51. Kc4 Kc6 52. e6 fxe6 53. Nxe6 Be2+ 54. Kc3 c4 55. Nd4+ Kc5 56. Nxe2 a5 57. Nd4 a4 58. Nc2 1/2-1/2

[Event "London Classic op 10th"]
[Site "London"]
[Date "2018.12.14"]
[Round "6"]
[White "Liu, Cheng"]
[Black "Saidmurodov, Shahjahon"]
[Result "0-1"]
[WhiteElo "1840"]
[BlackElo "1549"]
[PlyCount "90"]
[EventDate "2018.12.09"]
[EventType "swiss"]
[EventRounds "9"]
[EventCountry "ENG"]
[SourceTitle "CBM 187 Extra"]
[Source "ChessBase"]
[SourceDate "2018.11.04"]
[SourceVersion "1"]
[SourceVersionDate "2018.11.04"]
[SourceQuality "1"]

1. d4 Nf6 2. c4 e5 3. dxe5 Ng4 4. Nf3 Bc5 5. e3 Nc6 6. Be2 Ncxe5 7. Nxe5 Nxe5 8. 0-0 0-0 9. a3 a5 10. b3 d6 11. Bb2 Qg5 12. Nc3 Bh3 13. Bf3 Rae8 14. Kh1 Bg4 15. Bxg4 Nxg4 16. Qf3 Qh4 17. Qg3 Qxg3 18. hxg3 Re6 19. Nd5 c6 20. Nf4 Rh6+ 21. Kg1 Re8 22. Bc3 Rxe3 23. b4 Ba7 24. Rfe1 Rxe1+ 25. Bxe1 g5 26. Nd3 a4 27. c5 d5 28. Bd2 Re6 29. Re1 Rxe1+ 30. Nxe1 f6 31. Nd3 Kf7 32. Kf1 Ke6 33. Ke2 Bb8 34. f4 h6 35. Nb2 Kf5 36. Nxa4 gxf4 37. gxf4 Bxf4 38. Nb6 Bxd2 39. Kxd2 Kf4 40. Nc8 Kg3 41. Nd6 Kxg2 42. Nxb7 h5 43. b5 Ne5 44. b6 h4 45. Nd8 h3 0-1

[Event "London Classic op 10th"]
[Site "London"]
[Date "2018.12.09"]
[Round "1"]
[White "Menzies, Colin"]
[Black "Saidmurodov, Shahjahon"]
[Result "1-0"]
[WhiteElo "2132"]
[BlackElo "1549"]
[PlyCount "89"]
[EventDate "2018.12.09"]
[EventType "swiss"]
[EventRounds "9"]
[EventCountry "ENG"]
[SourceTitle "CBM 187 Extra"]
[Source "ChessBase"]
[SourceDate "2018.11.04"]
[SourceVersion "1"]
[SourceVersionDate "2018.11.04"]
[SourceQuality "1"]

1. d4 Nf6 2. Bg5 Ne4 3. Bf4 d5 4. e3 e6 5. Bd3 Nd7 6. Bxe4 dxe4 7. Nd2 Nf6 8. Be5 c5 9. Bxf6 gxf6 10. Nxe4 cxd4 11. Qxd4 Qxd4 12. exd4 f5 13. Nd2 Bd7 14. Ngf3 Rg8 15. g3 Bc6 16. 0-0 Rc8 17. Ne5 Be4 18. c3 f6 19. Nef3 Bxf3 20. Nxf3 Kf7 21. Rfe1 Bd6 22. Re2 f4 23. Rae1 Rce8 24. Nd2 f5 25. Nc4 Bc7 26. Ne5+ Bxe5 27. Rxe5 fxg3 28. fxg3 h5 29. Kf2 h4 30. d5 hxg3+ 31. hxg3 Rh8 32. dxe6+ Kf6 33. Kf3 Kg5 34. e7 Rh7 35. c4 Rh6 36. Rd5 Rh7 37. Rd7 Rf7 38. Rxb7 Kf6 39. Rxa7 Kg7 40. c5 Rf6 41. b4 Kg8 42. b5 Rf7 43. Rd7 Kh7 44. c6 Kg7 45. c7 1-0

[Event "BCF-chT4S 1718 (4NCL)"]
[Site "England"]
[Date "2018.01.13"]
[Round "3.75"]
[White "Sivarajasingam, Venetia"]
[Black "Saidmurodov, Shahjahon"]
[Result "0-1"]
[WhiteElo "1713"]
[BlackElo "1609"]
[PlyCount "144"]
[EventDate "2017.11.11"]
[EventType "team-swiss"]
[EventRounds "11"]
[EventCountry "ENG"]
[SourceTitle "EXT 2020"]
[Source "ChessBase"]
[SourceDate "2019.10.17"]
[SourceVersion "1"]
[SourceVersionDate "2019.10.17"]
[SourceQuality "1"]
[WhiteTeam "Fischer's Catch"]
[BlackTeam "CSC Dragons III"]
[WhiteTeamCountry "WLS"]
[BlackTeamCountry "ENG"]

1. e4 b6 2. d4 Bb7 3. Bd3 e6 4. Nf3 Nf6 5. Qe2 d5 6. exd5 Bxd5 7. c3 Bd6 8. Nbd2 Nbd7 9. Nc4 Be7 10. 0-0 0-0 11. Bf4 Bb7 12. Rad1 Nd5 13. Bg3 N7f6 14. Nce5 Rb8 15. Bb5 Bd6 16. Nc6 Bxc6 17. Bxc6 Bxg3 18. fxg3 Ng4 19. Ne5 Nge3 20. Bxd5 Nxf1 21. Bf3 Nxg3 22. hxg3 Qd6 23. Rf1 Rbe8 24. Qb5 a6 25. Qc6 Qxc6 26. Bxc6 Re7 27. Be4 f6 28. Nc6 Rd7 29. Re1 g6 30. Bd3 Rd6 31. Nb4 a5 32. Nc2 Kf7 33. Bc4 Rfd8 34. Na3 c6 35. Nc2 b5 36. Be2 Ra8 37. Rf1 Ke7 38. Ne3 Rc8 39. Ng4 f5 40. Ne5 c5 41. Bxb5 cxd4 42. c4 Kf6 43. Ng4+ Kg5 44. Ne5 Kf6 45. Ng4+ Ke7 46. Ne5 d3 47. Rd1 d2 48. Nf3 Rcd8 49. Kf2 Kf6 50. Ke2 e5 51. Rxd2 e4 52. Rxd6+ Rxd6 53. Nd2 Ke5 54. c5 Rd8 55. c6 Kd6 56. Nb3 Kc7 57. a4 Kb6 58. Nd2 g5 59. Nc4+ Kc7 60. Nxa5 f4 61. g4 h5 62. Nc4 hxg4 63. Ne5 g3 64. Nc4 Re8 65. a5 g4 66. Nd2 f3+ 67. gxf3 exf3+ 68. Kf1 g2+ 69. Kf2 g3+ 70. Kg1 Re1+ 71. Nf1 gxf1Q+ 72. Bxf1 g2 0-1

[Event "BCF-chT4S 1718 (4NCL)"]
[Site "England"]
[Date "2017.11.12"]
[Round "2.115"]
[White "Saidmurodov, Shahjahon"]
[Black "Rowles, Sarah"]
[Result "1-0"]
[WhiteElo "1609"]
[BlackElo "1530"]
[PlyCount "47"]
[EventDate "2017.11.11"]
[EventType "team-swiss"]
[EventRounds "11"]
[EventCountry "ENG"]
[SourceTitle "EXT 2020"]
[Source "ChessBase"]
[SourceDate "2019.10.17"]
[SourceVersion "1"]
[SourceVersionDate "2019.10.17"]
[SourceQuality "1"]
[WhiteTeam "CSC Dragons III"]
[BlackTeam "Iceni III"]
[WhiteTeamCountry "ENG"]
[BlackTeamCountry "ENG"]

1. e4 c5 2. Nf3 Nc6 3. Nc3 e5 4. Bc4 d6 5. d3 Be7 6. Nd5 Nf6 7. Nxe7 Qxe7 8. Bg5 h6 9. Be3 0-0 10. Qd2 Ng4 11. h3 Nxe3 12. Qxe3 Nd4 13. Nxd4 cxd4 14. Qd2 Be6 15. Bxe6 Qxe6 16. g4 Qf6 17. 0-0-0 Qe6 18. Kb1 g5 19. Rdg1 Qf6 20. h4 Qf4 21. Qe2 Kg7 22. Rg3 Rh8 23. Rf3 Qxg4 24. Rxf7+ 1-0